Statistics for United Nations Founding Members

Click here to take the quiz!

General Stats

  • This quiz has been taken 664 times
  • The average score is 40 of 51

Answer Stats

COUNTRY% Correct
United States
99%
United Kingdom
97%
Canada
95%
China
94%
France
93%
Australia
89%
Brazil
89%
Mexico
88%
Argentina
87%
Norway
87%
Belgium
85%
Chile
84%
India
84%
New Zealand
84%
Soviet Union
84%
Netherlands
83%
Denmark
82%
Turkey
82%
Venezuela
82%
Colombia
81%
Egypt
81%
South Africa
81%
Panama
80%
Peru
80%
Uruguay
80%
Paraguay
79%
Bolivia
78%
Ecuador
78%
Greece
78%
Iran
78%
Poland
78%
Honduras
77%
Costa Rica
76%
Cuba
76%
El Salvador
76%
Saudi Arabia
76%
Nicaragua
75%
Guatemala
73%
Haiti
73%
Iraq
73%
Yugoslavia
73%
Luxembourg
72%
Dominican Republic
69%
Ethiopia
67%
Czechoslovakia
65%
Syria
61%
Lebanon
56%
Philippines
56%
Liberia
54%
Ukraine
45%
Belarus
40%

Score Distribution

Percentile by Number Answered

Percent of People with Each Score

Your Score History

You have not taken this quiz